Ariadna en el laberinto grotesco = Ariadna al laberint grotesc / Salvador Espriu ; traducción de Julia Goytisolo ; edición y prólogo de Rafael Conde
Descripción Física:
321 p. ; 22 cm
Colección:
Marca Hispánica
Materias:
Contes catalans -- S. XX
MARC
| LEADER | 00000nam a2200000Ia 4500 | ||
|---|---|---|---|
| 001 | 8977 | ||
| 008 | 160829s1987 xx 000 0 cat d | ||
| 080 | |a L-1-91 | ||
| 100 | 1 | |a Espriu, Salvador, |d 1913-1985 |9 24496 | |
| 245 | |a Ariadna en el laberinto grotesco = Ariadna al laberint grotesc / Salvador Espriu ; traducción de Julia Goytisolo ; edición y prólogo de Rafael Conde | ||
| 260 | |a Barcelona : |b Edicions del Mall : |b Diputació de Barcelona, |c 1987 | ||
| 300 | |a 321 p. ; |c 22 cm | ||
| 490 | |a Marca Hispánica | ||
| 590 | |a Edició bilingüe, català-castellà. Títol original: 'Ariadna al laberint grotesc'. | ||
| 650 | |a Contes catalans |x S. XX |9 27909 | ||
| 700 | 1 | |a Goytisolo, Julia |e traductor |9 27910 | |
| 700 | |a Conde, Rafael, ed. |9 27911 |e editor, autor del pròleg | ||
| 901 | |a Arxiu | ||
| 942 | |n 1 |2 udc | ||
| 952 | |0 0 |1 0 |4 0 |6 L191 |7 1 |9 44594 |a Arxiu |b Arxiu |d 2016-12-01 |l 0 |o L-1-91 |p 8977 |r 2016-12-01 00:00:00 |w 2016-12-01 |y ARXIU | ||
| 999 | |c 47175 |d 47175 | ||